| 000 | 00451nam a2200181Ia 4500 | ||
|---|---|---|---|
| 001 | 12477 | ||
| 003 | IN-NITTTR | ||
| 005 | 20251114233117.0 | ||
| 008 | 251113s9999||||xx |||||||||||||| ||eng|| | ||
| 040 | _beng | ||
| 040 | _cIN-NITTTR | ||
| 041 | _aeng | ||
| 082 | _a371.3078 N751E | ||
| 100 | _aNorback, Peter G. | ||
| 245 | 0 |
_aEducational market place. / _cNorback, Peter G., Norback, Craig T. |
|
| 700 | _a Norback, Craig T. | ||
| 942 |
_2ddc _cBK |
||
| 999 |
_c15113 _d15113 |
||